11 de légende PSG - Statistiques

Statistiques générales
  • Ce quiz a été pris 4 511 fois
  • Le résultat moyen est 7 sur 19
Statistiques - réponses
Poste Pays Joueur % Correct
Buteur Uruguay Edinson Cavani
89%
Défenseur central Brésil Thiago Silva
82%
Remplaçant Suède Zlatan Ibrahimović
78%
Attaquant gauche Portugal Pedro Miguel Pauleta
65%
Gardien de but France Bernard Lama
64%
Défenseur gauche Brésil Maxwell
63%
Remplaçant Libéria George Weah
55%
Milieu de terrain Brésil Raï
44%
Remplaçant Italie Thiago Motta
38%
Entraîneur France Luis Fernandez
29%
Remplaçant Yougoslavie/ Bosnie-Herzégovine Safet Sušić
23%
Milieu de terrain Algérie Mustapha Dahleb
22%
Défenseur central France Alain Roche
15%
Attaquant droit France Dominique Rocheteau
10%
Milieu de terrain Brésil Valdo
9%
Défenseur droit Brésil Ricardo Gomes
7%
Remplaçant France Jean-Marc Pilorget
4%
Remplaçant France Joël Bats
3%
Remplaçant France Bruno N'Gotty
2%
Aucun quiz correspondant
Distribution des résultats
% des personnes avec chaque résultat
Percentile par nombre de réponses
Votre historique - résultats
Vous n’avez pas pris ce quiz